[Event "27th Klatovy B 2019"]
[Site "Klatovy CZE"]
[Date "2019.06.30"]
[Round "2.10"]
[White "Chmelik, Ladislav"]
[Black "Kirs, Pavel"]
[Result "1/2-1/2"]
[WhiteElo "1771"]
[BlackElo "1567"]
[PlyCount "95"]
[EventDate "2019.06.29"]
[EventType "swiss"]
[EventRounds "9"]
[EventCountry "CZE"]

1. e4 b6 2. d4 Bb7 3. Bd3 e6 4. Nf3 g6 5. O-O Bg7 6. c3 Ne7 7. Nbd2 O-O 8. Re1 d6 9. Nf1 Nd7 10. Bg5 Bf6 11. Bh6 Bg7 12. Qd2 c5 13. Rac1 Re8 14. Bxg7 Kxg7 15. Qf4 d5 16. e5 Nc6 17. h4 f6 18. h5 fxe5 19. dxe5 Rf8 20. Qg4 Qe8 21. Ng3 Rxf3 22. Qxf3 Ncxe5 23. Qe2 Nxd3 24. Qxd3 e5 25. hxg6 e4 26. Qe3 Qxg6 27. Qf4 Qf7 28. Qg5+ Kh8 29. Rcd1 Rf8 30. Rd2 Rg8 31. Qf5 Qxf5 32. Nxf5 Ne5 33. Kf1 Ba6+ 34. Ree2 Bxe2+ 35. Kxe2 Ng6 36. g3 Rd8 37. Ke3 Ne5 38. b3 b5 39. Ne7 Ng4+ 40. Kf4 Nf6 41. Ke5 Ng4+ 42. Ke6 d4 43. Nc6 e3 44. fxe3 Re8+ 45. Kd6 dxc3 46. Rc2 Rxe3 47. Kxc5 Rxg3 48. Nxa7 1/2-1/2

[Event "27th Klatovy B 2019"]
[Site "Klatovy CZE"]
[Date "2019.06.30"]
[Round "2.11"]
[White "Vavrinkova, Jitka"]
[Black "Lener, Jaroslav 1975"]
[Result "1/2-1/2"]
[WhiteElo "1566"]
[BlackElo "1754"]
[PlyCount "51"]
[EventDate "2019.06.29"]
[EventType "swiss"]
[EventRounds "9"]
[EventCountry "CZE"]

1. e4 c5 2. c3 d6 3. d4 cxd4 4. cxd4 Nf6 5. Nc3 g6 6. Nf3 Bg7 7. Bb5+ Bd7 8. e5 dxe5 9. dxe5 Ng4 10. Qe2 O-O 11. h3 Nh6 12. O-O Nc6 13. Rd1 Qc8 14. Ng5 Nf5 15. Bf4 Nfd4 16. Qd2 Nxe5 17. Bxe5 Bxe5 18. Nd5 Qd8 19. Bc4 b5 20. Bb3 a5 21. Re1 Nxb3 22. axb3 f6 23. Rad1 Bd6 24. Ne4 Bc6 25. Ndxf6+ exf6 26. Nxd6 1/2-1/2

[Event "27th Klatovy B 2019"]
[Site "Klatovy CZE"]
[Date "2019.06.30"]
[Round "2.12"]
[White "Dubnicka, Augustin 2000"]
[Black "Vasko, Pavel"]
[Result "1-0"]
[WhiteElo "1754"]
[BlackElo "1560"]
[PlyCount "61"]
[EventDate "2019.06.29"]
[EventType "swiss"]
[EventRounds "9"]
[EventCountry "CZE"]

1. d4 Nf6 2. Nf3 e6 3. Bg5 Be7 4. e3 d5 5. Nbd2 O-O 6. Bd3 h6 7. Bh4 b6 8. Rc1 Bb7 9. c3 Nbd7 10. O-O c5 11. Bb1 c4 12. Qe2 b5 13. Bg3 Re8 14. e4 Nf8 15. Ne5 N6d7 16. f4 f6 17. Nxd7 Qxd7 18. Rce1 Bd6 19. e5 Be7 20. exf6 Bxf6 21. Nf3 Re7 22. Rf2 Rae8 23. Ref1 Qc7 24. Qc2 Qd7 25. Qd1 Bc8 26. Ne5 Bxe5 27. fxe5 Qb7 28. Qh5 Nh7 29. Qg6 Ng5 30. Bh4 Nf7 31. Qh7+ 1-0

[Event "27th Klatovy B 2019"]
[Site "Klatovy CZE"]
[Date "2019.06.30"]
[Round "2.13"]
[White "Kotesovec, Jaroslav"]
[Black "Blazek, Pavel 1974"]
[Result "0-1"]
[WhiteElo "1560"]
[BlackElo "1745"]
[PlyCount "60"]
[EventDate "2019.06.29"]
[EventType "swiss"]
[EventRounds "9"]
[EventCountry "CZE"]

1. e4 e5 2. d4 Nc6 3. d5 Nce7 4. Nf3 Ng6 5. g3 Bc5 6. Bg2 d6 7. c3 f5 8. exf5 Bxf5 9. b4 Bb6 10. a4 a5 11. O-O Qd7 12. Re1 axb4 13. cxb4 Bxb1 14. Be3 Bxe3 15. Rxe3 Bf5 16. b5 Nf6 17. Ng5 O-O 18. Ne6 Rfb8 19. Rc3 Nxd5 20. Bxd5 Bxe6 21. Qg4 Nf8 22. Qc4 Bxd5 23. Qxd5+ Qe6 24. Qf3 e4 25. Qf4 Ng6 26. Qg5 Ne5 27. Qe3 d5 28. Rxc7 Qh3 29. Rxg7+ Kxg7 30. Qg5+ Ng6 0-1

[Event "27th Klatovy B 2019"]
[Site "Klatovy CZE"]
[Date "2019.06.30"]
[Round "2.14"]
[White "Kotal, Vit"]
[Black "Schille, Hannes"]
[Result "1/2-1/2"]
[WhiteElo "1556"]
[BlackElo "1740"]
[PlyCount "80"]
[EventDate "2019.06.29"]
[EventType "swiss"]
[EventRounds "9"]
[EventCountry "CZE"]

1. e4 c5 2. Nf3 Nc6 3. c4 g6 4. Nc3 Bg7 5. Be2 d6 6. Rb1 Qa5 7. O-O Nf6 8. d3 O-O 9. Bd2 Qd8 10. a3 Bg4 11. b4 b6 12. Qc1 Nd7 13. h3 Bxf3 14. Bxf3 Nde5 15. Be2 Nd4 16. f4 Nec6 17. Bd1 e6 18. b5 Ne7 19. Ne2 d5 20. g4 dxe4 21. dxe4 f5 22. e5 fxg4 23. hxg4 g5 24. Nxd4 Qxd4+ 25. Be3 Qd7 26. Bf3 Rad8 27. f5 exf5 28. gxf5 Bxe5 29. Bxg5 Qd4+ 30. Kg2 Bf6 31. Bh6 Bg7 32. Be3 Qc3 33. Bg5 Qxc1 34. Rbxc1 Rd7 35. Bg4 Bf6 36. Bh6 Rfd8 37. Rce1 Nc8 38. Re6 Rd6 39. Bf4 Rxe6 40. fxe6 Kg7 1/2-1/2

[Event "27th Klatovy B 2019"]
[Site "Klatovy CZE"]
[Date "2019.06.30"]
[Round "2.15"]
[White "Vnoucek, Pavel"]
[Black "Chmelik, Benedikt"]
[Result "1/2-1/2"]
[WhiteElo "1739"]
[BlackElo "1558"]
[PlyCount "88"]
[EventDate "2019.06.29"]
[EventType "swiss"]
[EventRounds "9"]
[EventCountry "CZE"]

1. e4 e6 2. d3 d5 3. Nd2 Nf6 4. Ngf3 Nc6 5. g3 Bd6 6. Bg2 O-O 7. O-O dxe4 8. dxe4 Bd7 9. Re1 Bb4 10. c3 Be7 11. Qc2 b5 12. Nf1 a5 13. Ne3 Qb8 14. Nd2 b4 15. Ndc4 Bc8 16. e5 Nd5 17. Nxd5 exd5 18. Bxd5 Bb7 19. Be3 Nd8 20. Be4 Bxe4 21. Qxe4 Ne6 22. f4 Rd8 23. Rad1 Qb5 24. f5 Nc5 25. Bxc5 Bxc5+ 26. Kg2 Re8 27. Qf4 Rad8 28. Rxd8 Rxd8 29. e6 fxe6 30. Rxe6 Qd7 31. Qe5 Qd5+ 32. Qxd5 Rxd5 33. g4 bxc3 34. bxc3 Rd3 35. Rc6 Bf8 36. Rxc7 Rxc3 37. Rc8 Rc2+ 38. Kf3 Rxa2 39. Ra8 Kf7 40. Rxa5 Rxh2 41. Ne5+ Kf6 42. Nd7+ Ke7 43. Nxf8 Kxf8 44. Ra7 Rc2 1/2-1/2

[Event "27th Klatovy B 2019"]
[Site "Klatovy CZE"]
[Date "2019.06.30"]
[Round "2.16"]
[White "Zidu, Jan"]
[Black "Kovar, Vaclav 1953"]
[Result "0-1"]
[WhiteElo "1852"]
[BlackElo "1646"]
[PlyCount "58"]
[EventDate "2019.06.29"]
[EventType "swiss"]
[EventRounds "9"]
[EventCountry "CZE"]

1. e4 e5 2. Bc4 Nf6 3. d3 Be7 4. Nf3 d6 5. h3 Nc6 6. c3 a6 7. a4 O-O 8. O-O h6 9. b4 Nh7 10. Qb3 Qe8 11. Na3 Kh8 12. g4 h5 13. Nh2 Bg5 14. Qd1 Be6 15. Kg2 Qe7 16. b5 Nd8 17. bxa6 bxa6 18. f4 exf4 19. Bxf4 Bxc4 20. Nxc4 Ne6 21. Bxg5 Qxg5 22. Rf5 Qh6 23. gxh5 g6 24. hxg6 fxg6 25. Rxf8+ Rxf8 26. Qg4 Nf4+ 27. Kg3 Nf6 28. Qd1 Qxh3+ 29. Kxf4 Nh7# 0-1

[Event "27th Klatovy B 2019"]
[Site "Klatovy CZE"]
[Date "2019.06.30"]
[Round "2.17"]
[White "Pucholt, Martin"]
[Black "Sedlak, Jakub"]
[Result "0-1"]
[WhiteElo "1555"]
[BlackElo "1737"]
[PlyCount "98"]
[EventDate "2019.06.29"]
[EventType "swiss"]
[EventRounds "9"]
[EventCountry "CZE"]

1. e4 c5 2. Nf3 Nc6 3. d4 cxd4 4. Nxd4 Nf6 5. Nc3 e5 6. Ndb5 d6 7. a4 a6 8. Na3 Be6 9. Bg5 Be7 10. Bxf6 Bxf6 11. Nd5 O-O 12. Nc4 Bxd5 13. Qxd5 Nd4 14. Bd3 b5 15. axb5 axb5 16. Rxa8 Qxa8 17. Qxa8 Rxa8 18. Na3 b4 19. Nb1 Ra2 20. c3 bxc3 21. bxc3 Nc2+ 22. Bxc2 Rxc2 23. O-O Kf8 24. Rd1 Bg5 25. g3 Ke7 26. h4 Bh6 27. Kf1 g6 28. Ke1 f5 29. exf5 gxf5 30. Kf1 Ke6 31. Re1 Kd5 32. Kg2 Rc1 33. Kf1 Rxe1+ 34. Kxe1 Kc4 35. Ke2 d5 36. f3 Kb3 37. g4 fxg4 38. fxg4 Bf4 39. Nd2+ Kxc3 40. Nf3 d4 41. Ne1 e4 42. Ng2 d3+ 43. Kd1 Bd2 44. g5 e3 45. Nf4 Kd4 46. h5 Ke4 47. Ne6 Bb4 48. Nc5+ Bxc5 49. g6 e2+ 0-1

[Event "27th Klatovy B 2019"]
[Site "Klatovy CZE"]
[Date "2019.06.30"]
[Round "2.18"]
[White "Krisman, Ondrej"]
[Black "Berka, Lubos"]
[Result "1-0"]
[WhiteElo "1546"]
[BlackElo "1733"]
[PlyCount "93"]
[EventDate "2019.06.29"]
[EventType "swiss"]
[EventRounds "9"]
[EventCountry "CZE"]

1. e4 b6 2. d4 Bb7 3. Nc3 Nf6 4. Bd3 e6 5. Nf3 Bb4 6. Qe2 O-O 7. O-O Qc8 8. e5 Bxf3 9. Qxf3 Nd5 10. Nxd5 exd5 11. Qxd5 Nc6 12. Qe4 g6 13. d5 Nxe5 14. Qxe5 Re8 15. Qf6 Bf8 16. Qf3 Bg7 17. c3 d6 18. Bg5 Re5 19. Bf6 Bxf6 20. Qxf6 Qb7 21. Qf3 Rae8 22. Bb5 R8e7 23. c4 Qc8 24. Qc3 Qf5 25. Rae1 f6 26. Rxe5 fxe5 27. Ba4 Rf7 28. Bc2 Qg5 29. Qe3 Qh4 30. b3 Kg7 31. g3 Qe7 32. f4 Qf8 33. f5 h6 34. Qd3 gxf5 35. Rxf5 Rf6 36. Qf3 Rxf5 37. Qxf5 Qh8 38. Qd7+ Kf6 39. Qxc7 Qf8 40. Qd7 Kg5 41. h4+ Kh5 42. Bd1+ Kg6 43. Qg4+ Kh7 44. Bc2+ Kh8 45. Qg6 Qe7 46. Qxh6+ Kg8 47. Qe6+ 1-0

[Event "27th Klatovy B 2019"]
[Site "Klatovy CZE"]
[Date "2019.06.30"]
[Round "2.19"]
[White "Vaclavik, Jan"]
[Black "Juhanak, Daniel"]
[Result "1-0"]
[WhiteElo "1733"]
[BlackElo "1555"]
[PlyCount "93"]
[EventDate "2019.06.29"]
[EventType "swiss"]
[EventRounds "9"]
[EventCountry "CZE"]

1. c4 f5 2. Nc3 Nf6 3. d4 g6 4. h4 d6 5. h5 Nxh5 6. Rxh5 gxh5 7. e4 fxe4 8. Qxh5+ Kd7 9. Qg4+ e6 10. Nxe4 Be7 11. Nf3 Qg8 12. Qh3 h6 13. Bd2 Kd8 14. Bc3 Qg6 15. Bd3 Rg8 16. Rd1 Qg7 17. Kf1 d5 18. Ng3 e5 19. Bf5 Bxf5 20. Nxf5 Qg4 21. Qxg4 Rxg4 22. Nxh6 Rg6 23. Nf7+ Kc8 24. N7xe5 Rd6 25. Re1 a5 26. b4 b6 27. bxa5 bxa5 28. c5 Rh6 29. Bd2 Rh1+ 30. Ng1 Rh4 31. Ng6 Re4 32. Ne2 c6 33. f3 Re6 34. Ngf4 Rf6 35. g4 Na6 36. a3 Kd7 37. Rb1 Nc7 38. a4 Ne6 39. Rb7+ Kd8 40. Nxe6+ Rxe6 41. Nf4 Rf6 42. g5 Rf7 43. g6 Kc8 44. Rb6 Rg7 45. Rxc6+ Kd7 46. Rb6 Bg5 47. Rb7+ 1-0

[Event "27th Klatovy B 2019"]
[Site "Klatovy CZE"]
[Date "2019.06.30"]
[Round "2.20"]
[White "Beran, Jakub"]
[Black "Bauer, Jan 2005"]
[Result "0-1"]
[WhiteElo "1539"]
[BlackElo "1721"]
[PlyCount "42"]
[EventDate "2019.06.29"]
[EventType "swiss"]
[EventRounds "9"]
[EventCountry "CZE"]

1. c4 c5 2. Nc3 e6 3. d3 Nf6 4. Nf3 Nc6 5. g3 d5 6. cxd5 exd5 7. Bg5 Be6 8. Bg2 h6 9. Bxf6 Qxf6 10. O-O Be7 11. a3 h5 12. Rc1 h4 13. Nxh4 Qh6 14. Nf3 Nd4 15. h4 Nxf3+ 16. Bxf3 Kf8 17. Nxd5 Bxh4 18. gxh4 Qxh4 19. Re1 Qh2+ 20. Kf1 Bh3+ 21. Bg2 Qh1# 0-1

[Event "27th Klatovy B 2019"]
[Site "Klatovy CZE"]
[Date "2019.06.30"]
[Round "2.21"]
[White "Rychlik, Zdenek"]
[Black "Vavrinkova, Anna"]
[Result "1/2-1/2"]
[WhiteElo "1721"]
[BlackElo "1550"]
[PlyCount "43"]
[EventDate "2019.06.29"]
[EventType "swiss"]
[EventRounds "9"]
[EventCountry "CZE"]

1. e4 c5 2. d4 cxd4 3. Nf3 Nc6 4. Bc4 g6 5. Nxd4 Bg7 6. c3 Nf6 7. Nxc6 bxc6 8. e5 Nd5 9. Qe2 Qc7 10. f4 Nb6 11. Bb3 O-O 12. O-O c5 13. c4 d6 14. exd6 exd6 15. Nc3 Ba6 16. Nb5 Bxb5 17. cxb5 c4 18. Bc2 Qc5+ 19. Kh1 Qxb5 20. f5 Rae8 21. Qd1 d5 22. f6 1/2-1/2

[Event "27th Klatovy B 2019"]
[Site "Klatovy CZE"]
[Date "2019.06.30"]
[Round "2.22"]
[White "Vilimek, Vit"]
[Black "Cyron, Karel"]
[Result "1-0"]
[WhiteElo "1529"]
[BlackElo "1720"]
[PlyCount "59"]
[EventDate "2019.06.29"]
[EventType "swiss"]
[EventRounds "9"]
[EventCountry "CZE"]

1. e4 Nf6 2. Nc3 d5 3. e5 Nfd7 4. d4 c5 5. dxc5 e6 6. Nf3 Bxc5 7. Bd3 Nc6 8. Bf4 Qb6 9. O-O Qxb2 10. Nb5 Bb6 11. Nd6+ Ke7 12. Rb1 Qxa2 13. Qe2 Qa4 14. g3 h6 15. Ra1 Qb4 16. Rfb1 Qc3 17. Nb5 Qc5 18. Be3 d4 19. Bc1 Ndxe5 20. Ba3 Nxf3+ 21. Qxf3 Bd7 22. Bxc5+ Bxc5 23. Na3 b6 24. Nc4 g5 25. Be4 Rhc8 26. Qh5 Rh8 27. Bxc6 Bxc6 28. Ne5 Be8 29. Qf3 Bd7 30. Qxf7+ 1-0

[Event "27th Klatovy B 2019"]
[Site "Klatovy CZE"]
[Date "2019.06.30"]
[Round "2.23"]
[White "Zak, Jiri1"]
[Black "Soucek, Jan"]
[Result "1-0"]
[WhiteElo "1717"]
[BlackElo "1543"]
[PlyCount "97"]
[EventDate "2019.06.29"]
[EventType "swiss"]
[EventRounds "9"]
[EventCountry "CZE"]

1. d4 d5 2. c4 e6 3. Nc3 Nf6 4. Bg5 c6 5. cxd5 exd5 6. e3 Be7 7. Bd3 O-O 8. Nge2 Ne4 9. Bxe7 Qxe7 10. Bxe4 dxe4 11. O-O Bg4 12. Qc2 Na6 13. a3 Nc7 14. Ng3 h5 15. Qxe4 Qd7 16. Qc2 h4 17. Nge2 h3 18. g3 Bf3 19. Rac1 Rfe8 20. Rfe1 Qg4 21. Nf4 g5 22. Nd3 Nd5 23. Ne5 Rxe5 24. dxe5 Nxc3 25. bxc3 Rd8 26. e4 Kg7 27. Re3 Bd1 28. Qb2 Bf3 29. Qb4 Rd2 30. Rce1 c5 31. Qxb7 Be2 32. e6 Qxe6 33. R1xe2 Qa2 34. Kf1 Rd1+ 35. Re1 Qd2 36. Qd5 Rxe1+ 37. Rxe1 Qxc3 38. Qxg5+ Kf8 39. Qh6+ Ke7 40. Qxh3 Qf3 41. Kg1 c4 42. Qf5 Qd3 43. Qc5+ Kf6 44. e5+ Kg7 45. Qxa7 Qd2 46. Qe3 Qb2 47. e6 c3 48. Qg5+ Kf8 49. e7+ 1-0

[Event "27th Klatovy B 2019"]
[Site "Klatovy CZE"]
[Date "2019.06.30"]
[Round "2.24"]
[White "Martinek, Lukas"]
[Black "Durchan, Milan 1961"]
[Result "1/2-1/2"]
[WhiteElo "1301"]
[BlackElo "1713"]
[PlyCount "48"]
[EventDate "2019.06.29"]
[EventType "swiss"]
[EventRounds "9"]
[EventCountry "CZE"]

1. e4 c6 2. d4 d5 3. Nc3 dxe4 4. Nxe4 Nf6 5. Nxf6+ gxf6 6. Nf3 Bg4 7. Be3 Nd7 8. h3 Bh5 9. g4 Bg6 10. Bd3 Qc7 11. Qe2 Nb6 12. c4 O-O-O 13. O-O-O e6 14. h4 Be7 15. Rhg1 Kb8 16. h5 Bxd3 17. Qxd3 c5 18. b3 cxd4 19. Bxd4 Qf4+ 20. Qe3 Qxe3+ 21. Bxe3 Nd7 22. Kb2 Bc5 23. Rxd7 Rxd7 24. Bxc5 Rd3 1/2-1/2

[Event "27th Klatovy B 2019"]
[Site "Klatovy CZE"]
[Date "2019.06.30"]
[Round "2.25"]
[White "Skuthan, Radek"]
[Black "Pecka, Jan"]
[Result "1-0"]
[WhiteElo "1702"]
[BlackElo "1537"]
[PlyCount "47"]
[EventDate "2019.06.29"]
[EventType "swiss"]
[EventRounds "9"]
[EventCountry "CZE"]

1. d4 d5 2. c4 e6 3. Nc3 Nf6 4. cxd5 exd5 5. Bg5 Be7 6. e3 O-O 7. Qc2 Ne4 8. Bxe7 Qxe7 9. Nxd5 Qd6 10. Qxe4 Be6 11. Nc3 Qb6 12. Qc2 Nc6 13. Bd3 Nb4 14. Bxh7+ Kh8 15. Qb1 g6 16. Bxg6 fxg6 17. Qxg6 Bf5 18. Qxb6 cxb6 19. Rd1 Nd3+ 20. Rxd3 Bxd3 21. Nge2 Rac8 22. Kd2 Bh7 23. f3 Rf7 24. e4 1-0

[Event "27th Klatovy B 2019"]
[Site "Klatovy CZE"]
[Date "2019.06.30"]
[Round "2.26"]
[White "Zelba, Lukas"]
[Black "Sefrna, Frantisek"]
[Result "1-0"]
[WhiteElo "1274"]
[BlackElo "1700"]
[PlyCount "63"]
[EventDate "2019.06.29"]
[EventType "swiss"]
[EventRounds "9"]
[EventCountry "CZE"]

1. d4 f5 2. Nc3 Nf6 3. Bg5 e6 4. e4 h6 5. Bxf6 Qxf6 6. e5 Qf7 7. Bc4 Nc6 8. Nge2 a6 9. a3 b5 10. Bb3 d6 11. f4 Be7 12. Ng3 Bh4 13. Qd3 Bd7 14. O-O-O d5 15. Rhe1 Na5 16. Nxd5 Bc6 17. Ne3 Nxb3+ 18. Qxb3 Rd8 19. Re2 Bxg3 20. hxg3 O-O 21. Red2 Bd5 22. Nxd5 Rxd5 23. c4 bxc4 24. Qxc4 Qe7 25. Rc2 Rc8 26. Qxa6 Qd7 27. Qc6 Qe7 28. Rc4 Rd7 29. Qa6 Qd8 30. Qxe6+ Kh7 31. d5 c6 32. d6 1-0

[Event "27th Klatovy B 2019"]
[Site "Klatovy CZE"]
[Date "2019.06.30"]
[Round "2.27"]
[White "Spackova, Martina 1992"]
[Black "Malik, Zdenek"]
[Result "0-1"]
[WhiteElo "1688"]
[BlackElo "1391"]
[PlyCount "80"]
[EventDate "2019.06.29"]
[EventType "swiss"]
[EventRounds "9"]
[EventCountry "CZE"]

1. e4 c5 2. Nf3 d6 3. d4 cxd4 4. Nxd4 Nf6 5. Nc3 g6 6. Be2 Bg7 7. Be3 O-O 8. Bf3 Nbd7 9. Nd5 Ne5 10. Nxf6+ Bxf6 11. Be2 Bd7 12. Bh6 Re8 13. h4 Rc8 14. f4 Nc4 15. c3 Ne3 16. Qd3 Ng4 17. Bxg4 Bxg4 18. f5 e5 19. Nc2 Bxh4+ 20. g3 Bg5 21. Bxg5 Qxg5 22. Qe3 Qxe3+ 23. Nxe3 Bf3 24. Rh4 Kg7 25. fxg6 hxg6 26. Kf2 g5 27. Nf5+ Kg8 28. Rh6 Bxe4 29. Nxd6 Bg6 30. Nxc8 Rxc8 31. Rd1 Kg7 32. Rh2 Rc7 33. Rd5 Re7 34. Ke3 f5 35. Rhd2 Kf6 36. Rd6+ Kf7 37. Rd7 Bh5 38. R2d5 Ke6 39. R7d6+ Kf7 40. Rh6 Bg6 0-1

[Event "27th Klatovy B 2019"]
[Site "Klatovy CZE"]
[Date "2019.06.30"]
[Round "2.28"]
[White "Veverka, Max"]
[Black "Sova, Zdenek"]
[Result "0-1"]
[WhiteElo "1000"]
[BlackElo "1687"]
[PlyCount "70"]
[EventDate "2019.06.29"]
[EventType "swiss"]
[EventRounds "9"]
[EventCountry "CZE"]

1. e4 c5 2. Nf3 e6 3. d4 cxd4 4. Nxd4 Nc6 5. Nc3 a6 6. Be3 Nf6 7. Bd3 Ne5 8. O-O Nxd3 9. cxd3 e5 10. Nb3 d6 11. d4 Be7 12. dxe5 dxe5 13. Nd2 O-O 14. Qf3 Be6 15. Qg3 Ng4 16. Rad1 Nxe3 17. fxe3 Qa5 18. Nb3 Bxb3 19. axb3 Qc5 20. Rd5 Qc6 21. Rxe5 Bd6 22. Rc1 f6 23. Rf1 Bxe5 24. Qg4 Bxc3 25. bxc3 Qxc3 26. Qe6+ Kh8 27. Rf3 Qe1+ 28. Rf1 Qxe3+ 29. Rf2 Rae8 30. Qb6 Qxb6 31. Kf1 Rxe4 32. g3 Rfe8 33. Rb2 Qe3 34. g4 Qf3+ 35. Rf2 Re1# 0-1

[Event "27th Klatovy B 2019"]
[Site "Klatovy CZE"]
[Date "2019.06.30"]
[Round "2.29"]
[White "Vavrinek, Tomas"]
[Black "Lhotsky, Zdenek 1966"]
[Result "1-0"]
[WhiteElo "1686"]
[BlackElo "1285"]
[PlyCount "83"]
[EventDate "2019.06.29"]
[EventType "swiss"]
[EventRounds "9"]
[EventCountry "CZE"]

1. d4 Nf6 2. c4 e6 3. Nf3 b6 4. g3 Bb7 5. Bg2 Be7 6. O-O O-O 7. Nc3 Bb4 8. Bd2 Bxc3 9. Bxc3 d6 10. b4 Ne4 11. Bb2 Nd7 12. e3 a5 13. b5 d5 14. Nd2 Ndf6 15. Nxe4 Nxe4 16. f3 Nf6 17. c5 c6 18. a4 Nd7 19. Rc1 Rc8 20. Ba3 Re8 21. Rf2 e5 22. Bh3 bxc5 23. dxc5 Rb8 24. Rb2 Nf6 25. Rcb1 Qc7 26. Qd2 Rbd8 27. b6 Qe7 28. Qxa5 Ra8 29. Qb4 e4 30. f4 Ba6 31. Bf1 Bb7 32. a5 Ng4 33. Qd2 h5 34. h3 Nh6 35. Bb4 h4 36. g4 f5 37. g5 Nf7 38. Qg2 Nh8 39. Rd1 Ba6 40. Bxa6 Rxa6 41. Qe2 Ng6 42. Qxa6 1-0

[Event "27th Klatovy B 2019"]
[Site "Klatovy CZE"]
[Date "2019.06.30"]
[Round "2.30"]
[White "Kaspar, Lukas"]
[Black "Stanke, Petr"]
[Result "0-1"]
[WhiteElo "1886"]
[BlackElo "1463"]
[PlyCount "40"]
[EventDate "2019.06.29"]
[EventType "swiss"]
[EventRounds "9"]
[EventCountry "CZE"]

1. e4 e6 2. d4 d5 3. exd5 exd5 4. Bd3 Nf6 5. Bf4 c5 6. dxc5 Bxc5 7. Qe2+ Be7 8. Nf3 O-O 9. O-O Re8 10. c3 Bg4 11. Qd1 Bc5 12. Nbd2 Nh5 13. Bxb8 Rxb8 14. h3 Bxf3 15. Qxf3 Qg5 16. Nb3 Bb6 17. Rad1 Nf4 18. Bc2 Re6 19. Qg4 Qxg4 20. hxg4 Ne2+ 0-1

[Event "27th Klatovy B 2019"]
[Site "Klatovy CZE"]
[Date "2019.06.30"]
[Round "2.31"]
[White "Silhavy, Josef"]
[Black "Zednik, Zdenek"]
[Result "0-1"]
[WhiteElo "1448"]
[BlackElo "1879"]
[PlyCount "148"]
[EventDate "2019.06.29"]
[EventType "swiss"]
[EventRounds "9"]
[EventCountry "CZE"]

1. e4 c5 2. Nf3 Nc6 3. d4 cxd4 4. Nxd4 Nf6 5. Nc3 d6 6. Be2 g6 7. Be3 Bg7 8. Qd2 Ng4 9. Bxg4 Bxg4 10. f3 Bd7 11. Nb3 Ne5 12. Qe2 a5 13. a4 Nc6 14. Qd2 Nb4 15. O-O O-O 16. Kh1 Rc8 17. Bd4 f6 18. f4 Be6 19. f5 Bc4 20. Rf3 g5 21. Qf2 Bxb3 22. cxb3 Nc6 23. Bb6 Qe8 24. Nb5 Ne5 25. Rc3 Rxc3 26. bxc3 Qc6 27. Qd4 Ra8 28. Nc7 Rc8 29. Nd5 Qe8 30. Bxa5 e6 31. Nc7 Rxc7 32. Bxc7 exf5 33. Qxd6 fxe4 34. Qd5+ Nf7 35. Re1 e3 36. Bb6 e2 37. Qd3 Qe6 38. c4 Qxb6 39. Rxe2 Ne5 40. Qd5+ Kh8 41. c5 Qc7 42. b4 h5 43. b5 Bf8 44. Rc2 Kg7 45. h3 h4 46. b6 Qc6 47. Qd4 Nd7 48. Rd2 Nxc5 49. a5 Be7 50. Qd5 Qxd5 51. Rxd5 Kf7 52. Rd2 Ke6 53. Rb2 Bd6 54. Re2+ Be5 55. Kg1 Kd5 56. Kf1 Kc4 57. Rc2+ Kb5 58. Ra2 Bc3 59. Kf2 Bxa5 60. Rb2+ Kc6 61. Kf3 Bxb6 62. Kg4 Nd7 63. Kf5 Bd4 64. Rd2 Kd5 65. Rd3 Nc5 66. Rd1 b5 67. Rb1 Kc4 68. Kg4 b4 69. g3 hxg3 70. Kxg3 b3 71. Kf3 Nd3 72. Ke2 Nf4+ 73. Kd2 Bc3+ 74. Kc1 Nxh3 0-1

[Event "27th Klatovy B 2019"]
[Site "Klatovy CZE"]
[Date "2019.06.30"]
[Round "2.32"]
[White "Perik, Alois"]
[Black "Langmajer, Jan"]
[Result "1/2-1/2"]
[WhiteElo "1809"]
[BlackElo "1514"]
[PlyCount "117"]
[EventDate "2019.06.29"]
[EventType "swiss"]
[EventRounds "9"]
[EventCountry "CZE"]

1. c4 Nf6 2. Nc3 g6 3. g3 Bg7 4. Bg2 O-O 5. Nf3 d6 6. d4 Nbd7 7. O-O e5 8. dxe5 Nxe5 9. Nxe5 dxe5 10. Qc2 c6 11. b3 Bf5 12. e4 Be6 13. Ba3 Re8 14. Rad1 Qa5 15. Bd6 Nd7 16. Na4 b5 17. cxb5 cxb5 18. Qc3 Qa6 19. Nc5 Nxc5 20. Qxc5 Qxa2 21. Qxb5 Qxb3 22. Qa5 Qb6 23. Qxb6 axb6 24. Rb1 b5 25. Rfc1 Bc4 26. Bf1 Ra6 27. Bb4 Rc6 28. Bh3 Rd8 29. Ra1 Bf8 30. Bxf8 Kxf8 31. Ra7 Rcd6 32. Bg4 h5 33. Bf3 Rf6 34. Bg2 Rd2 35. f3 Rfd6 36. Bf1 Rd1 37. Raa1 Rxf1+ 38. Rxf1 Bxf1 39. Kxf1 Rd4 40. Ra8+ Ke7 41. Rb8 Rb4 42. h4 Rb1+ 43. Kf2 b4 44. Rb7+ Ke6 45. Rb6+ Kd7 46. Rb7+ Ke6 47. Rb6+ Kd7 48. Rb7+ Ke6 49. Rb6+ Kd7 50. Rb7+ Kc6 51. Rb8 b3 52. g4 b2 53. Kg2 Kc5 54. Rc8+ Kd6 55. Rb8 Kc5 56. gxh5 gxh5 57. Rc8+ Kd4 58. Rd8+ Ke3 59. Rb8 1/2-1/2

[Event "27th Klatovy B 2019"]
[Site "Klatovy CZE"]
[Date "2019.06.30"]
[Round "2.33"]
[White "Flajsman, Petr"]
[Black "Zemanova, Nikola"]
[Result "1-0"]
[WhiteElo "1799"]
[BlackElo "1403"]
[PlyCount "44"]
[EventDate "2019.06.29"]
[EventType "swiss"]
[EventRounds "9"]
[EventCountry "CZE"]

1. d4 d5 2. Bf4 Nf6 3. e3 e6 4. Bd3 c5 5. c3 Nc6 6. Nf3 b6 7. Qa4 Bd7 8. Qd1 Be7 9. h3 O-O 10. Nbd2 Bc8 11. g4 Bd6 12. Ne5 Bxe5 13. dxe5 Nd7 14. Nf3 Qc7 15. Qb1 g6 16. h4 Ncxe5 17. Nxe5 Nxe5 18. h5 Nxd3+ 19. Qxd3 Qc6 20. hxg6 fxg6 21. O-O Bb7 22. Be5 Rad8 1-0

[Event "27th Klatovy B 2019"]
[Site "Klatovy CZE"]
[Date "2019.06.30"]
[Round "2.34"]
[White "Novy, Jaroslav"]
[Black "Novotny, Jaromir"]
[Result "1/2-1/2"]
[WhiteElo "1632"]
[BlackElo "1796"]
[PlyCount "91"]
[EventDate "2019.06.29"]
[EventType "swiss"]
[EventRounds "9"]
[EventCountry "CZE"]

1. e4 c5 2. Nf3 g6 3. d4 cxd4 4. Nxd4 Bg7 5. Nc3 Nc6 6. Be3 Nf6 7. Bc4 Qa5 8. O-O a6 9. f3 O-O 10. Qd2 Qb4 11. Bb3 Nxd4 12. Qxd4 Qa5 13. Qc5 Qxc5 14. Bxc5 d6 15. Bb6 Nd7 16. Be3 Bxc3 17. bxc3 Nf6 18. Rfd1 Be6 19. Bg5 Kg7 20. Rd3 h6 21. Be3 Rac8 22. Bd4 Bc4 23. Re3 e5 24. Bb6 Rc6 25. Ba5 b6 26. Bb4 Rd8 27. Rd1 Ne8 28. Bxc4 Rxc4 29. Red3 Rc6 30. Rd5 f6 31. a4 a5 32. Ba3 Kf7 33. R5d3 Ke6 34. Kf2 Rc4 35. Bc1 Rxa4 36. Bd2 Rc4 37. Be3 Rb8 38. Rb1 b5 39. Bxh6 b4 40. Bd2 Rbc8 41. cxb4 axb4 42. Rxb4 Rxb4 43. Bxb4 Rxc2+ 44. Rd2 Rc4 45. Ba5 f5 46. exf5+ 1/2-1/2

[Event "27th Klatovy B 2019"]
[Site "Klatovy CZE"]
[Date "2019.06.30"]
[Round "2.35"]
[White "Macho, Miloslav"]
[Black "Simunek, Jakub Simon"]
[Result "0-1"]
[WhiteElo "1745"]
[BlackElo "1457"]
[PlyCount "90"]
[EventDate "2019.06.29"]
[EventType "swiss"]
[EventRounds "9"]
[EventCountry "CZE"]

1. Nf3 d5 2. c4 Nf6 3. d4 e6 4. Nc3 c6 5. Bg5 Nbd7 6. e3 Qa5 7. Bxf6 Nxf6 8. Nd2 Be7 9. Bd3 O-O 10. O-O Qc7 11. Nf3 dxc4 12. Bxc4 b6 13. Rc1 Bb7 14. Be2 Rac8 15. Qa4 Qb8 16. Rfd1 c5 17. Nb5 a6 18. Nc3 b5 19. Qb3 b4 20. Nb1 c4 21. Bxc4 Bxf3 22. gxf3 Bd6 23. Bxa6 Bxh2+ 24. Kg2 Rcd8 25. Rh1 Rd5 26. Rc5 Rxc5 27. dxc5 Bc7 28. c6 h5 29. Nd2 Rd8 30. Qc2 Rd5 31. Ne4 Nxe4 32. fxe4 Rg5+ 33. Kf1 Qb6 34. Bb7 Qb5+ 35. Qe2 Qa5 36. b3 Rc5 37. Kg2 Rg5+ 38. Kf1 Qa3 39. Qc2 Qa5 40. Qe2 Qa3 41. Qc2 Qa5 42. Rh3 Qb5+ 43. Qc4 Qa5 44. Qe2 Qc5 45. Qd2 Qb5+ 0-1